000
00192 a2200097 4500
001
2521
100
_a
Macmillan, N
245
_a
Great Aircraft
260
_a
_b
G. Bell
_c
090
_c
1818
_d
1818
942
_a
NUST-CAE
_c
M
_c
9091
999
_c
237594
_d
237594